000
00258nam a2200097Ia 4500
001
1037075
005
20250826231817.0
008
250824s9999 xx 000 0 und d
245
0
_a
SÜTERMAN NASIL KAHRAMAN OLDUM
_c
EMRE BÜLBÜL
260
_b
İNDİGO YAYINLARI
999
_c
1037075
_d
1037075